000 00662nam a2200217 a 4500
005 20230915063539.0
008 040427s2003 mx r 000 0 spa d
020 _a8466308784
035 _aUPN01000133154
049 _aCG
050 4 _aPQ6663 U4.7
_bE5.2
100 1 _aMuñoz Molina, Antonio,
_d1956-
245 1 0 _aEn ausencia de Blanca /
_cAntonio Muñoz Molina.
260 _aMadrid :
_bSuma de Letras,
_c2003.
300 _a151 p.
440 0 _aPunto de lectura ;
_v6.5
500 _a"Una historia sobre el amor y las pasiones del ser humano"
650 2 _aLiteratura erótica
_920788
650 4 _aNovela española
_ySiglo XX
_99779
905 _aLibro
999 _c105306
_d105306